Efektivnost integrace muslimských minorit v zemích EU (se zaměřením na situaci v Česku)

Stručná história moslimskej imigrácie. Integračné politiky vo vzťahu k moslimom. Špecifiká integrácie moslimov. Súčasná situácia v krajinách Európskej únie. Situácia v Českej republike.

Gespeichert in:
Bibliographische Detailangaben
1. Verfasser: Heřmanová, Eva
Weitere Verfasser: Faryadová, Eva
Format: Buchkapitel
Sprache:Tschechisch
Schlagworte:
Tags: Tag hinzufügen
Keine Tags, Fügen Sie das erste Tag hinzu!

MARC

LEADER 00000naa a2200000 4500
001 0161827
005 20231204125431.1
041 0 |a cze 
044 |a CZ 
245 1 0 |a Efektivnost integrace muslimských minorit v zemích EU (se zaměřením na situaci v Česku)  |c Eva Heřmanová, Eva Faryadová 
520 |a Stručná história moslimskej imigrácie. Integračné politiky vo vzťahu k moslimom. Špecifiká integrácie moslimov. Súčasná situácia v krajinách Európskej únie. Situácia v Českej republike. 
610 2 0 |a Európska únia 
610 2 0 |a Česko 
610 2 0 |a integrácia 
610 2 0 |a pohyb síl pracovných 
610 2 0 |a imigrácia 
610 2 0 |a islam 
610 2 0 |a história 
610 2 0 |a vzťahy zahraničné 
610 2 0 |a politika medzinárodná 
100 1 |a Heřmanová, Eva 
700 1 |a Faryadová, Eva